Les pièces de la maison en anglais - Statistiques

Statistiques générales
  • Ce quiz a été pris 142 fois
  • Le résultat moyen est 10 sur 15
Statistiques - réponses
Hint Réponse % Correct
Maison house/home
100%
Cuisine kitchen
94%
Jardin garden/yard
90%
Toillettes/ WC toilet/restroom
87%
Chambre bedroom
85%
salle de bain bathroom
83%
Garage garage
73%
Salon living room
70%
Entrée entrance/hall
61%
Balcon balcony
51%
Bureau office/study
51%
Salle à manger dining room
44%
Cave/ Sous-sol basement/cellar
32%
Grenier attic
24%
Couloir hallway
15%
Aucun quiz correspondant
Distribution des résultats
% des personnes avec chaque résultat
Percentile par nombre de réponses
Votre historique - résultats
Vous n’avez pas pris ce quiz